|
|
|
|
| LEADER |
00000cam a2200000 i 4500 |
| 001 |
1/50451 |
| 008 |
140702s2008 gr | ||| |||| ||gre|| |
| 020 |
|
|
|a 9789603103318
|
| 035 |
|
|
|l 10118164
|
| 040 |
|
|
|a GR-MyUA
|b gre
|e AACR2
|
| 041 |
1 |
|
|a gre
|h ger
|
| 082 |
0 |
|
|a 940.5318
|2 (23)
|
| 100 |
1 |
|
|a Kluger, Ruth
|d 1931-
|
| 245 |
1 |
0 |
|a Άρνηση μαρτυρίας :
|b Βιέννη, Άουσβιτς, Νέα Υόρκη /
|c Ruth Kluger ; μετάφραση Σοφία Γεωργοπούλου.
|
| 260 |
|
|
|a Αθήνα :
|b Θεμέλιο,
|c 2013.
|
| 300 |
|
|
|a 318 σ. ;
|c 21 εκ.
|
| 500 |
|
|
|a Τίτλος πρωτοτύπου: Weiter leben, eine jugend.
|
| 650 |
0 |
0 |
|a Holocaust survivors
|z Europe
|x History.
|
| 650 |
0 |
0 |
|a Jews
|z Austria.
|
| 650 |
0 |
0 |
|a World War, 1939-1945
|x Concentration camps.
|
| 700 |
1 |
|
|a Γεωργοπούλου, Σοφία,
|e trlf
|
| 852 |
|
|
|a INST
|b LESVOS
|e 20140702
|h 940.5318 KLU
|p 005100054602
|q 005100054602
|t BK
|y 0
|
| 901 |
|
|
|a BIBL1-2014-2
|
| 909 |
|
|
|a Λ
|b 189720
|
| 922 |
|
|
|a 1ΕΛΗ
|b 201406
|c ΤΜΗΜΑ ΚΟΙΝΩΝΙΚΗΣ ΑΝΘΡΩΠΟΛΟΓΙΑΣ ΚΑΙ ΙΣΤΟΡΙΑΣ
|d ΙΩΑΝΝΙΔΟΥ
|
| 970 |
|
|
|a ΤΖΑΦΕΡΗ
|b ΕΥΑΓΓΕΛΙΑ
|z 2014/07/02
|